000
00188nam a2200073Ia 4500
008
170617s9999 xx 000 0 und d
100
_a
Khar & Nand Pratibha
245
0
_a
Pharmaceutical Dispencing
260
_b
Mumbai-Source
999
_c
14976
_d
14976